| 000 | 00997nam a2200289 i 4500 | ||
|---|---|---|---|
| 001 | 000009270 | ||
| 003 | DO-SdBNP | ||
| 005 | 20241114124350.0 | ||
| 007 | ta | ||
| 008 | 090929s1938 dr r 000 1 spa d | ||
| 040 |
_aDO-SdBNP _bspa _cBNPHU _erda |
||
| 082 |
_aRD861.008 _bR696p _222 |
||
| 100 | 1 |
_aRodríguez Demorizi, Emilio, _d1908-1986 _eautor _91039 |
|
| 245 | 1 | 0 |
_aPoesía popular dominicana / _cEmilio Rodríguez Demorizi. |
| 264 |
_aCiudad Trujillo, República Dominicana : _bLa Nación, _c1938. |
||
| 300 |
_av ; _c19 cm. |
||
| 500 | _aLa biblioteca posee el volumen 1 | ||
| 500 | _aIncluye notas al pie de las páginas | ||
| 500 | _aIncluye índice de nombres | ||
| 500 | _aIncluye bibliografía de los poetas presentes en la obra | ||
| 590 | _aInventariado, 2024/DG | ||
| 650 | 4 |
_aPoesía dominicana _xHistoria y crítica _913072 |
|
| 650 | 4 |
_aPoesía popular _xHistoria y crítica _923986 |
|
| 910 | _aValidado. Control de calidad. MFF | ||
| 942 |
_2ddc _cLF1 |
||
| 956 | _aVMateo | ||
| 999 |
_c9032 _d9032 |
||